000 00517nam a2200205Ia 4500
003 GCL
008 140319s9999 xx 000 0 eng d
040 _aGCL /
_cGCL
082 0 4 _a261.58
_bG A
100 1 _aGOYTISOLO, JUAN
245 1 0 _aL'ARBRE DE LA LITTERATURE /
_cGOYTISOLO, JUAN
700 1 _aLACOR, JOELLE
260 _a[S.N] :
_bFAYARD ،
_c1990
300 _a281
650 0 4 _aLITERATURE
650 0 4 _aCHRISTIANITY
650 0 4 _aCHRISTIAN POETRY
650 0 4 _aCHRISTIAN LITERATURE
942 _2ddc
_cBK
999 _c25420
_d25420